| 000 | 01213nam a2200301 i 4500 | ||
|---|---|---|---|
| 003 | CO-ViMGA | ||
| 005 | 20230915224425.0 | ||
| 008 | 201201s2020 ck a jr 000 0dspa d | ||
| 020 | _a9789587719666 | ||
| 040 |
_aCO-ViMGA _bspa _cCO-ViMGA |
||
| 082 | 0 | 4 |
_a613.26 _bM67n _222 |
| 100 | 1 |
_aMorales, Albert Ronald _eautor _9107716 |
|
| 245 | 1 | 0 |
_aNutricion y calidad de vida / _cAlbert Ronald Morales y Jeanette Jaime Gonzalez ; direccion de editorial de Andres Delgado _b |
| 250 | _aEdicion especial | ||
| 260 |
_aBogota : _bEcoe, _c2020 |
||
| 300 |
_a308 paginas _bilustraciones _c24 cm |
||
| 490 | 0 | _aCiencias de la salud. | |
| 490 | 0 | _aPlan Nacional de Lectura y Escritura Leer es mi Cuento / Ministerio de Cultura | |
| 504 | _aIncluye bibliografia al final del texto | ||
| 650 | 1 | 7 |
_2LEMB _aAlimentos naturales _xUso terapeutico _vManuales _9161461 |
| 650 | 1 | 7 |
_2LEMB _aFrutoterapia _vManuales _9161463 |
| 650 | 1 | 7 |
_2LEMB _aMedicina alternativa _vManuales _9161462 |
| 650 | 1 | 7 |
_2LEMB _aNutricion _vManuales _982593 |
| 650 | 1 | 7 |
_2LEMB _aPromocion de la salud _vManuales _934302 |
| 700 | 1 |
_aDelgado, Andres _eeditor _9161713 |
|
| 700 | 1 |
_aJaime Gonzalez, Jeanette _eautora _9161712 |
|
| 942 |
_2ddc _cBK |
||
| 999 |
_c9040 _d9040 |
||